Real Effective Exchange Rate and Trade Balance Adjustment : The Case of Turkey /

There is an ongoing debate in the literature on whether global trade flows have become disconnected from the large real effective exchange rate movements in the wake of the global financial crisis. The question has important policy implications for the role of exchange rates in supporting growth and...

Full description

Bibliographic Details
Main Author: Iossifov, Plamen
Other Authors: Fei, Xuan
Format: Journal
Language:English
Published: Washington, D.C. : International Monetary Fund, 2019.
Series:IMF Working Papers; Working Paper ; No. 2019/131
Online Access:Full text available on IMF
LEADER 01979cas a2200253 a 4500
001 AALejournalIMF019289
008 230101c9999 xx r poo 0 0eng d
020 |c 5.00 USD 
020 |z 9781498312738 
022 |a 1018-5941 
040 |a BD-DhAAL  |c BD-DhAAL 
100 1 |a Iossifov, Plamen. 
245 1 0 |a Real Effective Exchange Rate and Trade Balance Adjustment :   |b The Case of Turkey /  |c Plamen Iossifov, Xuan Fei. 
264 1 |a Washington, D.C. :  |b International Monetary Fund,  |c 2019. 
300 |a 1 online resource (38 pages) 
490 1 |a IMF Working Papers 
500 |a <strong>Off-Campus Access:</strong> No User ID or Password Required 
500 |a <strong>On-Campus Access:</strong> No User ID or Password Required 
506 |a Electronic access restricted to authorized BRAC University faculty, staff and students 
520 3 |a There is an ongoing debate in the literature on whether global trade flows have become disconnected from the large real effective exchange rate movements in the wake of the global financial crisis. The question has important policy implications for the role of exchange rates in supporting growth and restoring external balance. In this paper, we use Turkey---a large and open emerging market economy that has experienced sizable swings of the real effective exchange rate---as a case study to test competing hypotheses. Our results lend support to the finding in existing cross-country studies that the real effective exchange rate remains an important determinant of trade flows. But, its effect is not symmetric in secular periods of appreciation and depreciation and is, oftentimes, dwarfed by the impact on trade flows of the income growth differential between trade partners. 
538 |a Mode of access: Internet 
700 1 |a Fei, Xuan. 
830 0 |a IMF Working Papers; Working Paper ;  |v No. 2019/131 
856 4 0 |z Full text available on IMF  |u http://elibrary.imf.org/view/journals/001/2019/131/001.2019.issue-131-en.xml  |z IMF e-Library